00430nam a2200181Ia 4500003000400000005001700004008004100021020001700062040000700079041000800086082001900094100003200113245003000145250000600175260003800181300001600219365001300235OSt20230421122453.0210423s2008 xx 000 0 und d a100070220883 cAL aeng a658 223bTRIP aTRIPATHI (P C);Reddy (P N). aPrinciples of management. a4 aNew DelhibTata McGraw-hillc2008 axvi,413bPB b275cINR